000 00782nam a2200265 i 4500
001 C2-0343685
003 PPAK
005 20180728144806.0
008 171114s2013 ilua|||| ||||| | eng d
020 _a9780736084239 ; 0736084231
040 _aPPAK
_beng
_cPPAK
_erda
082 0 4 _a796.58
_223
090 0 0 _a796.58
_bFER
_dR
100 1 _aFerguson, Charles,
_eauthor
245 1 0 _aDiscovering orienteering :
_bskills, techniques an activities
264 1 _aChampaign, Illinois :
_bHuman Kinetics ,
_c2013
300 _aviii, 196 pages :
_bcolour illustrations ;
_c28 cm
336 _2rdacontent
_atext
337 _2rdamedia
_aunmediated
338 _2rdacarrier
_avolume
500 _aIncludes index.
650 1 0 _aOrienteering.
700 _eauthor
942 _ddc
_cB
999 _c140501
_d140501